Apprendre les couleurs en Polonais - Statistiques

Statistiques générales
  • Ce quiz a été pris 17 fois
  • Le résultat moyen est 7 sur 13
Statistiques - réponses
Français Polonais % Correct
Noir Czarny
80%
Rouge Czerwony
80%
Blanc Biały
70%
Bleu Niebieski
70%
Violet Fioletowy
60%
Rose Różowy
60%
Vert Zielony
60%
Gris Szary
50%
Jaune Żółty
50%
Marron / Bronze Brązowy
40%
Or Złoty
40%
Orange Pomarańczowy
30%
Argent Srebrny
20%
Aucun quiz correspondant
Distribution des résultats
% des personnes avec chaque résultat
Percentile par nombre de réponses
Votre historique - résultats
Vous n’avez pas pris ce quiz